00622 2200229 4500001002100000005001500021035002000036007000300056008004100059020002200100082001000122084001600132100002100148245009000169250001000259260003200269300002300301700001600324600003000340990001100370990001100381INLIS00000000000329820190608105642 a0010-0619000047ta190608 g 0 ind  a978-602-96034-3-9 a155.2 a155.2 END g0 aENDANG, Supriani1 aGaleri Nama Indah Pilihan untuk Buah Hati Anda /cEndang Supriani; editor, Icha Putri acet.2 a[s.l] :bSecond Hope,c2016 a159 hlm. ;c16 cm.0 aICHA, Putri 4aPSIKOLOGI. IDENTITAS NAMA a6709 a a6709 b